日本の競輪場 - Statistics

General Stats
  • This quiz has been taken 76 times
  • The average score is 23 of 43
Answer Stats
地区 場コード 競輪場 % Correct
34# 川崎
74%
北日本 11# 函館
69%
九州 81# 小倉
67%
24# 宇都宮
64%
25# 大宮
64%
36# 小田原
64%
43# 岐阜
64%
87# 熊本
64%
22# 前橋
62%
46# 富山
62%
四国 71# 高松
62%
75# 高知
62%
12# 青森
60%
27# 京王閣
59%
38# 静岡
59%
62# 広島
59%
74# 松山
59%
35# 平塚
57%
中部 42# 名古屋
57%
南関東 - 千葉
55%
45# 豊橋
55%
近畿 51# 福井
55%
31# 松戸
53%
48# 四日市
52%
55# 和歌山
52%
83# 久留米
52%
56# 岸和田
50%
85# 佐世保
50%
関東 21# 弥彦
48%
28# 立川
48%
26# 西武園
47%
53# 奈良
47%
13# いわき平
45%
37# 伊東温泉
45%
86# 別府
45%
23# 取手
41%
44# 大垣
41%
63# 防府
41%
73# 小松島
41%
中国 61# 玉野
40%
54# 向日町
36%
47# 松阪
34%
84# 武雄
33%
No matching quizzes found
Score Distribution
Percent of People with Each Score
Percentile by Number Answered
Your Score History
You have not taken this quiz